01362nam a2200277 a 450000100100000000500170001000800410002702000180006804000250008624500950011126000370020630000280024370000320027170000260030370000410032970000400037070000390041070000320044970000370048195201110051895201110062995201110074095201050085195201110095699900170106700004473320201002045603.0150108s2014 dr a 000 p spa d a9789945166415 aDO-SdBNPbspacBNPHU00aTrascendidas. /cNelsy Aldebot Reyes, Yanerys Aybar, María Hortensia de la Cruz,[et.al]. aSanto Domingo, :bBúho,c2014. a117 p. :bil. ;c22 cm.1 aAldebot Reyes, Nelsy9375301 aAybar, Yanerys9727311 aHortensia de la Cruz, María9727321 aGarcía, Xiomara Altagracia9727331 aLuciano Sánchez, Carolina9727341 aNikitenko, Ekaterina9727351 aPacheco Salazar, Berenice943335 0010718DSaGRbGRcCTd2015-01-08iLF1l0o p44733-30r2020-06-25te. 3w2020-06-25yLFDSZNo se presta 0010718DSaGRbGRcCTd2015-01-08iLF1l0o p44733-40r2020-06-25te. 4w2020-06-25yLFDSZNo se presta 0010718DSaGRbGRcCTd2015-01-08iLF1l0o p44733-50r2020-06-25te. 5w2020-06-25yLFDSZNo se presta 0010718PDaPDbPDcCTd2015-01-08iLF1l0o p44733-10r2020-06-25w2020-06-25yLFPDZNo se presta 0010718PDaPDbPDcCTd2015-01-08iLF1l0o p44733-20r2020-06-25te. 2w2020-06-25yLFPDZNo se presta c44222d44222